000 00911nam a22002777a 4500
001 7328
003 FISKH
005 20250709144452.0
008 250709b cb ||||| |||| 00| 0 eng d
020 _a9780545293426
040 _aDLC
_cDLC
_dBTCTA
_dYDXCP
_dIG#
_dJN4
_dTEF
_dEHH
_dDLC
_beng
050 _aPZ7.B29233 A
082 _a813
100 1 _aBaskin, Nora Raleigh
_d(1961-)
245 1 0 _aAnything but typical /
_cNora Raleigh Baskin
250 _aThis edition first published in 2010
260 _aNew York :
_bScholastic,
_c2009.
300 _a195 pages :
_c20 cm
505 _aP
520 _aJason, a twelve-year-old autistic boy who wants to become a writer, relates what his life is like as he tries to make sense of his world.
521 _a640
_bLexile
521 _aP
_bRaz-Plus
650 0 _aAutism
_vJuvenile fiction.
650 0 _aSchools
_vJuvenile fiction.
942 _2ddc
_cBK
_n0
999 _c7328
_d7328